| 000 | 00862nam a2200217Ii 4500 | ||
|---|---|---|---|
| 003 | JO-AjNU | ||
| 008 | 230605s9999||||xx |||||||||||||| ||und|| | ||
| 017 | _a2009/16243 | ||
| 020 | _a978-977-04-6181-7 | ||
| 040 |
_aJO-AjNU _bara _erda _cJO-AjNU |
||
| 041 | _aara | ||
| 050 | 1 | 4 | _aKRM3647.2010 |
| 100 | 3 |
_aعبدالرحمن، محمد حسن, _eauthor _932253 |
|
| 245 | 0 | 0 | _aالاثبات فى المواد المدنية والتجارية فى القانون المصرى والقانون الليبى |
| 264 | 3 | 1 | _aد،م : د،ن ،1900 |
| 300 | _a249ص | ||
| 336 |
_atext _btxt _2rdacontent |
||
| 337 |
_aunmediated _bn _2rdamedia |
||
| 338 |
_avolume _bnc _2rdacarrier |
||
| 650 | 4 |
_aالإثبات (قانون) --قانون الإجراءات المدنية والتجارية --القانون المدني -- القانون التجاري _932254 |
|
| 999 |
_aA12998 _c16566 _d16566 |
||